000 00931nam a2200229 i 4500
001 142038
003 ES-MaACL
005 20230906200429.0
007 t|
008 071002s1965 sp |||| | spa d
100 1 _aWalinsky, Louis J.
_9115919
245 1 0 _aPlanificación y realización del desarrollo económico
_b: guía no técnica para políticos y administradores /
_cLouis J. Walinsky ; traducido y revisado por Iluminada García Díaz, con la colaboración de Eduardo Jiménez Sánchez.
260 _aMadrid :
_bCastillo,
_c1965.
300 _aXIII, 250 p. :
_bil. ;
_c23 cm.
490 1 _aSerie "Mc Graw-Hill" de desarrollo internacional
650 4 _aDesarrollo económico.
_9153584
700 1 _aGarcía Díaz, Iluminada.
_954533
700 1 _aJiménez Sánchez, Eduardo.
_966613
830 1 _aSerie "Mc Graw-Hill" de desarrollo internacional
_9220468
852 _aES-MaACL
_jC-27347
999 _c142038
_d142038